Alianzas público-privadas para una nueva visión estratégica del desarrollo

Kaydedildi:
Detaylı Bibliyografya
Asıl Yazarlar: Devlin, Robert M (Yazar), Moguillansky, Graciela (Yazar)
Materyal Türü: Kitap
Dil:İspanyolca
Baskı/Yayın Bilgisi: Santiago Naciones Unidas 2010
Seri Bilgileri:Libros de la CEPAL, 108
Konular:
Etiketler: Etiketle
Etiket eklenmemiş, İlk siz ekleyin!

MARC

LEADER 00000nam a2200000 a 4500
001 UCG4286
003 CL-VaPUC
008 101021e20100400CL |||||||||||||||||spa|d
020 |a 9789213234167 
082 0 4 |a 382  |b DEV  |2 21 
100 |a Devlin, Robert M  |e author  |9 334404 
700 0 |a Moguillansky, Graciela  |e author  |9 553651 
245 1 0 |a Alianzas público-privadas para una nueva visión estratégica del desarrollo 
300 |a 297 p 
942 |c BK 
945 |d 20101021 00:00:00  |a mfarfan 
260 |a Santiago  |b Naciones Unidas  |c 2010 
650 7 |a COMERCIO INTERNACIONAL  |2 CL-VaPUC  |9 553652 
650 0 |a Comercio exterior  |9 257617 
650 0 |a Crisis financiera  |9 435234 
650 0 |a Economía internacional  |9 258254 
651 0 |a Latinoamérica  |9 316393 
583 |a last modification  |c 20101021 00:00:00  |k Rodrigo Vera 
490 0 |a Libros de la CEPAL, 108 
999 |c 343107  |d 343105 
952 |0 0  |1 0  |4 0  |6 382_000000000000000_DEV_2010  |7 0  |8 A  |9 440111  |a BIBENE  |b BIBENE  |d 2019-11-22  |i 4729048  |o 382 DEV 2010  |p 4729048  |r 2025-01-15  |w 2019-11-22  |y BK  |k ICO